Central Library OPAC University of Rajshahi

Small and Medium Enterprises Financing by the Commercial Banks in Bangladesh : (Record no. 84096)

MARC details
000 -LEADER
fixed length control field 01035nam a2200253 a 4500
001 - CONTROL NUMBER
RUCL Control Number 84096
003 - CONTROL NUMBER IDENTIFIER
rucl marc code BD-RjUL
005 - DATE AND TIME OF LATEST TRANSACTION
control field 20241009102639.0
008 - FIXED-LENGTH DATA ELEMENTS--GENERAL INFORMATION
fixed length control field 241009s2020 bg a|||| m||| 00| 0 eng d
035 ## - SYSTEM CONTROL NUMBER
system control number (BD-RjUL)84096
040 ## - CATALOGING SOURCE
Original cataloging agency BD-RjUL
Language of cataloging eng
Transcribing agency BD-RjUL
Modifying agency BD-RjUL
041 ## - LANGUAGE CODE
Language code of Book eng
082 ## - DEWEY DECIMAL CLASSIFICATION NUMBER
DDC Edition number 23
Classification number 332.12
Author mark and Year MOS 2020
100 ## - MAIN ENTRY--PERSONAL NAME
Personal name Moulic, Raj Kumar
9 (RLIN) 13757
245 10 - TITLE STATEMENT
Title Small and Medium Enterprises Financing by the Commercial Banks in Bangladesh :
Remainder of title An Evaluation /
Statement of responsibility, etc By Raj Kumar Moulic ;
Name of Supervisor/Co-Supervisor Principal Supervisor : Subhash Chandra Sil, Co-Supervisor : Madan Mohan Dey
260 ## - PUBLICATION, DISTRIBUTION, ETC. (IMPRINT)
Place of publication, distribution, etc Rajshahi :
Name of publisher, distributor, etc Department of Fisheries Faculty of Agriculture, University of Rajshahi,
Date of publication, distribution, etc 2020
300 ## - PHYSICAL DESCRIPTION
Pagination xxiv, 315 Leaves :
Other physical details ill, ;
Dimensions 29 cm.
502 ## - DISSERTATION NOTE
Dissertation note Department of Accouniting and Information Systems, University of Rajshahi, 2020
504 ## - BIBLIOGRAPHY, ETC. NOTE
Bibliography, etc References : Leaves 265-294
650 ## - SUBJECT ADDED ENTRY--TOPICAL TERM
Topical term or geographic name as entry element Commercial Banks
700 ## - ADDED ENTRY--SUPERVISOR/CO-SUPERVISOR NAME
Personal name Sil, Subhash Chandra, Principal Supervisor
9 (RLIN) 13758
Personal name Dey, Madan Mohan, Co-Supervisor
942 ## - ADDED ENTRY ELEMENTS (KOHA)
Source of classification or shelving scheme Dewey Decimal Classification
Koha item type Theses
Holdings
Source of classification or shelving scheme Damaged status Not for loan Collection code Permanent Location Current Location Shelving location Date of accession Source of acquisition Total Checkouts Full call number Barcode Date last seen Copy number Thesis
Dewey Decimal Classification   Not For Loan Theses Central Library, University of Rajshahi Central Library, University of Rajshahi Documentation Section 14/02/2023 Controller of Exam. R.U.   THE 332.12 MOS 2020 D4651 09/10/2024 C-I Theses